000
00264nam a2200121Ia 4500
005
20251222155133.0
008
251222s9999||||xx |||||||||||||| ||spa||
082
_a
ADM.57
100
_a
MINSA
245
0
_a
Ley General de Salud
264
_b
No tiene
942
_c
LIB
999
_c
38898
_d
38898